000
00211 a2200097 4500
001
52689
100
_a
Newmark J
245
_a
Finite Mathematics
260
_a
New York
_b
Harper & Row
_c
090
_c
33133
_d
33133
942
_a
NUST-CAE
_c
M
_c
25707
999
_c
287762
_d
287762